| 000 | 01310cam a2200313 a 4500 | ||
|---|---|---|---|
| 999 |
_c234350 _d234350 |
||
| 001 | 3505457 | ||
| 003 | Nust | ||
| 005 | 20170319164945.0 | ||
| 008 | 950425r19951821nyu 000 0aeng | ||
| 010 | _a 95018486 | ||
| 020 | _a9781853260964 | ||
| 040 |
_aDLC _cDLC _dDLC |
||
| 043 |
_ae-uk--- _ae-uk-en |
||
| 050 | 0 | 0 |
_aPR4534 _b.C6 1995 |
| 082 | 0 | 0 |
_a828.809 _bQUI |
| 100 | 1 |
_aDe Quincey, Thomas, _d1785-1859. |
|
| 245 | 1 | 0 |
_aConfessions of an English opium-eater / _cThomas De Quincey. |
| 260 |
_aNew York : _bDover, _c1995. |
||
| 300 |
_a208 p. ; _c21 cm. |
||
| 440 | 0 | _aDover thrift editions | |
| 500 | _a"An unabridged, slightly corrected republication of the text ... as originally published in the London magazine, September and October, 1821;" with a new introduction and explanatory footnotes. | ||
| 600 | 1 | 0 |
_aDe Quincey, Thomas, _d1785-1859. |
| 650 | 0 |
_aDrug addicts _zGreat Britain _vBiography. |
|
| 650 | 0 |
_aAuthors, English _y19th century _vBiography. |
|
| 650 | 0 |
_aOpium abuse _zEngland. |
|
| 856 | 4 | 2 |
_3Publisher description _uhttp://www.loc.gov/catdir/description/dover032/95018486.html |
| 906 |
_a7 _bcbc _corignew _d1 _eocip _f19 _gy-gencatlg |
||
| 942 |
_2ddc _cBK |
||